| 000 | 00753nam a22001937a 4500 | ||
|---|---|---|---|
| 003 | BD-DhUL | ||
| 005 | 20160821191948.0 | ||
| 008 | 160821s1993 bg ||||| |||| 00| 0 ben | ||
| 040 |
_aBD-DhUL _cBD-DhUL |
||
| 082 |
_a320.5 _bEMS |
||
| 100 | 1 | _aআহমদ, এমাজউদ্দিন | |
| 245 | 1 | 0 |
_aসমাজ ও রাজনীতি : জাতীয় এবং আন্তর্জাতিক / _cএমাজউদ্দিন আহমদ |
| 260 |
_aঢাকা : _bকরিম বুক করপোরেশন, _c১৯৯৩ |
||
| 300 |
_a[৬], ১০২ পৃ. ; _c২২ সে.মি. |
||
| 365 |
_aBDT _b70 |
||
| 650 | 0 | _aরাষ্ট্রবিজ্ঞান | |
| 650 | 0 | _aPolitical sciencce | |
| 942 |
_2ddc _cBK |
||
| 999 |
_c100102 _d100102 |
||